000 01010naa a22002777a 4500
001 BR7901223
003 BR-BrBNA
005 20240918174321.0
007 ta
008 230509b bl.||||| |||| 00| 0 por d
040 _aBR-BrBNA
_bpor
_cBiblioteca Nacional de Agricultura
041 _a(Pt)
072 _aE30
_b/G514
090 _aE30 BR7901223
100 1 _aLima. L.F.C.
111 1 _aSimposio Nacional da Pecuaria
_cBrasilia, DF (Brazil)
_d13 Jun 1978
245 1 _aPerspectivas da pecuaria nacional [politica agricola, Brasil]
260 3 _aBrasilia, DF (Brasil):
_c1978.
500 _aSimposio nacional da pecuaria Brasilia, DF (Brasil): 1978. p. 37-62 (BR7901223-AM)E30
650 _aDESENVOLVIMENTO AGRICOLA
650 _aPOLITICA AGRICOLA
650 _aPECUARIA
773 0 _tSimposio nacional da pecuaria [economia agricola, credito rural, politica agricola, Brasil]
_wE30 BR7901222
_gBrasilia, DF (Brasil), 1978.
_q335 p.
909 _a202404
_bLucia
_c55
_dLucia Elande
942 _cAM
_2AGRIS
999 _c310343
_d310343